000 01234cam a2200373 a 4500
001 16166625
003 OSt
005 20170105102900.0
008 100401s2011 enk 001 0 eng
010 _a 2010013814
020 _a9780415454667 (cloth : alk. paper)
020 _a9780203841990 (ebook)
020 _a0415454662 (cloth)
020 _a0203841999 (ebook)
035 _a(OCoLC)ocn595739063
040 _aDLC
_cDLC
_dYDX
_dYDXCP
_dCDX
_dDLC
043 _aa-ii---
_aaz-----
050 0 0 _aDS450.S64
_bK37 2011
082 0 0 _a355.033054
_222
_bKAP 2011
100 1 _aKapur, Ashok.
245 1 0 _aIndia and the South Asian strategic triangle /
_cAshok Kapur.
260 _aLondon ;
_aNew York :
_bRoutledge,
_c2011.
300 _avii, 214 p. ;
_c25 cm.
490 1 _aRoutledge security in Asia series ;
_v7
500 _aIncludes index.
651 0 _aIndia
_xForeign relations
_zSouth Asia.
651 0 _aSouth Asia
_xForeign relations
_zIndia.
651 0 _aIndia
_xForeign relations
_y1947-1984.
651 0 _aIndia
_xForeign relations
_y1984-
830 0 _aRoutledge security in Asia series ;
_v7.
906 _a7
_bcbc
_corignew
_d1
_eecip
_f20
_gy-gencatlg
942 _2ddc
_cBK
999 _c14613
_d14613